Medicine of the Prophet (Record no. 15214)

MARC details
000 -LEADER
fixed length control field 00622nam a2200241 a 4500
020 ## - INTERNATIONAL STANDARD BOOK NUMBER
ISBN 0946621
082 00 - DEWEY DECIMAL CLASSIFICATION NUMBER
Classification number 610.695
Author Cutter JAW
100 ## - MAIN ENTRY--AUTHOR NAME
Author name Jawziyya Al, Ibn Qayyim
245 ## - TITLE STATEMENT
Title Medicine of the Prophet
260 ## - PUBLICATION, DISTRIBUTION, ETC. (IMPRINT)
Place of publication Cambridge
Name of publisher Islamic Texts Society
Year of publication 1998
300 ## - PHYSICAL DESCRIPTION
Number of Pages 318p
500 ## - GENERAL NOTE
General note includes index and biblioraphy
505 2# - FORMATTED CONTENTS NOTE
Formatted contents note Index
650 ## - SUBJECT ADDED ENTRY--TOPICAL TERM
Topical Term Science-Methodology
650 ## - SUBJECT ADDED ENTRY--TOPICAL TERM
Topical Term Muhammad, Prophet-Medicines Used
942 ## - ADDED ENTRY ELEMENTS (KOHA)
Koha item type Books
Holdings
Collection code Home library Current library Date acquired Cost, normal purchase price Full call number Accession Number Koha item type
  Henry Martyn Institute Library Henry Martyn Institute Library 10/08/2007 1532.00 610.695 JAW 020123 Books
                   Copyright © 2026 | Henry Martyn Institute | Hyderabad | TS-500052 | INDIA | Implemented by hmi.edu.in
Hit-Count:

Powered by Koha